000 01474nam a2200313 i 4500
001 bg
245 0 0 _aOcena stanu środowiska obszarów przygranicznych Polski i Litwy w latach 1994-2003 =
_bAplinkos būklės apžvalga Lietuvos-Lenkijos pasienio teritorijoje 1994-2003 metais /
_cInspekcja Ochrony Środowiska. Wojewódzki Inspektorat Ochrony Środowiska w Białymstoku, Agencja Ochrony Środowiska w Wilnie.
260 _aWarszawa :
_bInspekcja Ochrony Środowiska,
_c2005.
300 _a176, 158 :
_bmapy, wykr. ;
_c24 cm.
490 1 _aBiblioteka Monitoringu Środowiska
500 _aTekst przeciwlegle w jęz. polskim i litewskim.
500 _aLiczbowanie stronic w przeciwległych kierunkach.
504 _aBibliogr.
650 9 _aOchrona środowiska
_zPolska
_yod 2001 r
650 9 _aOchrona środowiska
_zLitwa
_yod 2001 r
650 9 _aRegiony przygraniczne
_xśrodowisko
_zPolska
_yod 2001 r
650 9 _aRegiony przygraniczne
_xśrodowisko
_zLitwa
_yod 2001 r
650 9 _aRegiony przygraniczne
_xśrodowisko
_zEuropa Środkowo-Wschodnia
_yod 2001 r
710 0 _aInspekcja Ochrony Środowiska
_bWojewódzki Inspektorat Ochrony Środowiska (Białystok)
710 0 _aAgencja Ochrony Środowiska (Wilno)
830 _aBiblioteka Monitoringu Środowiska
020 _a8372172684
040 _cBPK
041 w _apollit
080 _a504.06(438+474.5)"2001/..."
920 _a83-7217-268-4
942 _cKS
008 s pl f |000 0 pol
999 _c52602
_d52602
856 _uhttp://koha.tu.koszalin.pl/cgi-bin/koha/opac-detail.pl?biblionumber=52602
_yKatalog online BPK